Most Walkable, Bikeable, and Transit Friendly US Cities - Statistics

General Stats
  • This quiz has been taken 980 times
    970 since last reset
  • The average score is 21 of 30
Answer Stats
Rank Score City % Correct
2 88 New York City
99%
1 89 New York City
99%
4 83 Boston
96%
3 72 Boston
96%
5 77 Chicago
95%
5 72 Chicago
95%
8 65 Chicago
95%
1 89 San Francisco
92%
3 72 San Francisco
92%
2 77 San Francisco
92%
7 71 Seattle
92%
9 60 Seattle
92%
6 77 Washington, D.C.
92%
9 70 Washington, D.C.
92%
5 69 Washington, D.C.
92%
10 75 Philadelphia
91%
6 67 Philadelphia
91%
7 77 Miami
88%
2 83 Portland
85%
6 72 Denver
71%
1 84 Minneapolis
68%
8 76 Newark
49%
7 65 Newark
49%
9 75 Oakland
38%
3 87 Jersey City
37%
4 70 Jersey City
37%
3 72 Arlington, VA
10%
10 59 Arlington, VA
10%
8 70 Long Beach
10%
9 70 Irvine
5%
No matching quizzes found
Score Distribution
Percent of People with Each Score
Percentile by Number Answered
Your Score History
You have not taken this quiz since the last reset